[Event "CCT Final RR 2024"]
[Site "Oslo NOR"]
[Date "2024.12.17"]
[Round "1.1"]
[White "Carlsen, M."]
[Black "Keymer, Vincent"]
[Result "1-0"]
[WhiteElo "2831"]
[BlackElo "2733"]
[PlyCount "129"]
[EventDate "2024.12.17"]
[EventType "tourn (rapid)"]
[EventRounds "7"]
[EventCountry "NOR"]
[EventCategory "20"]
[SourceTitle "The Week in Chess 1572"]
[Source "Mark Crowther"]
[SourceDate "2024.12.23"]
[SourceVersion "2"]
[SourceVersionDate "2024.12.24"]
[SourceQuality "2"]

1. Nf3 d5 2. e3 Nf6 3. b3 c5 4. Bb2 g6 5. Bb5+ Bd7 6. Bxf6 exf6 7. Bxd7+ Qxd7 8. c3 ({RR} 8. d4 Bg7 9. Nc3 f5 10. Qd2 cxd4 11. Nxd4 Nc6 12. O-O O-O 13. Nde2 Ne7 14. Nf4 Bxc3 15. Qxc3 Rac8 16. Qb2 Qc7 17. Rac1 Qc3 18. Qa3 Qc5 19. Qb2 Qc3 20. Qb1 Rc5 21. Rfd1 Rfc8 22. Rd4 R5c6 {Kramnik,V (2753)-Gelfand,B (2676) chess24.com INT 2020 ½-½ (47)}) ({RR} 8. d4 cxd4 9. Qxd4 Qe6 10. O-O Nc6 11. Qd2 Bh6 12. Nc3 Rd8 13. Rfd1 Ne7 14. Qd4 Nc6 15. Qc5 Qe7 16. Rxd5 Qxc5 17. Rxc5 f5 18. Rd5 Bg7 19. Rxd8+ Nxd8 20. Nd4 Ne6 21. Rd1 O-O 22. Nxe6 fxe6 {Nakamura,H (2804)-Samunenkov,I (2572) chess.com INT 2025 1-0 (71)}) 8... Nc6 9. d4 cxd4 10. cxd4 $146 ({RR} 10. Nxd4 Bc5 11. O-O O-O 12. Nd2 Rfe8 13. N2f3 Rac8 14. Rc1 Ne5 15. Qd2 Ba3 16. Rc2 Bf8 17. Rd1 Red8 18. Ne1 Bd6 19. Ne2 Bb8 20. Nf4 Qf5 21. Nxd5 Kg7 22. c4 b5 23. f4 Ng4 24. h3 Rxd5 {Horak,M (2266)-Llanos,G (2290) chess.com INT 2023 1-0 (31)}) 10... Bb4+ 11. Nfd2 Rc8 12. O-O O-O 13. a3 Bd6 14. Nc3 Ne7 15. Ne2 Rc6 16. b4 Rfc8 17. Rc1 Rxc1 18. Nxc1 Qc7 19. g3 Qc2 20. Ncb3 Qd3 21. Qb1 Qa6 22. Qb2 b6 23. Rc1 Rxc1+ 24. Nxc1 h5 25. Qb3 Qc8 26. Ne2 h4 27. Nc3 Qf5 28. Qb1 Qg4 29. Kg2 hxg3 30. hxg3 Kg7 31. Qd1 Qxd1 32. Nxd1 f5 33. Nc3 Kf6 34. Nf3 g5 35. Kf1 g4 36. Ne1 Ke6 37. Nd3 Ng8 38. Ke2 Nf6 39. Kd2 Ne4+ 40. Kc2 Nf6 41. a4 Ne4 42. Kb3 Nd2+ 43. Kb2 Ne4 44. Kc2 a6 45. Ne2 Kd7 46. Nec1 Kc6 47. Nb3 Kc7 48. Nbc1 Kc6 49. Na2 Kd7 50. Nc3 Ke6 51. a5 b5 52. Nd1 Kd7 53. Nc5+ Bxc5 54. dxc5 Kc7 55. Kd3 Kc6 56. Kd4 f6 57. Nc3 Nxc3 58. Kxc3 Kc7 59. Kd3 Kd7 60. Ke2 Kc7 61. f3 Kd7 62. fxg4 fxg4 63. Kd3 f5 64. Kd4 Ke6 65. c6 1-0

[Event "CCT Final RR 2024"]
[Site "Oslo NOR"]
[Date "2024.12.18"]
[Round "4.1"]
[White "Carlsen, M."]
[Black "Vachier Lagrave, M."]
[Result "1-0"]
[WhiteElo "2831"]
[BlackElo "2731"]
[PlyCount "101"]
[EventDate "2024.12.17"]
[EventType "tourn (rapid)"]
[EventRounds "7"]
[EventCountry "NOR"]
[EventCategory "20"]
[SourceTitle "The Week in Chess 1572"]
[Source "Mark Crowther"]
[SourceDate "2024.12.23"]
[SourceVersion "2"]
[SourceVersionDate "2024.12.24"]
[SourceQuality "2"]

1. Nf3 d5 2. e3 Nf6 3. b3 g6 4. Bb2 Bg7 5. c4 c6 6. Be2 O-O 7. O-O Bg4 8. h3 Bxf3 9. Bxf3 Re8 ({RR} 9... e6 10. Nc3 Nbd7 11. Be2 a5 12. Qc2 Qb8 13. Rfd1 Rd8 14. d4 Ne8 15. a3 Nd6 16. Bf1 b5 17. cxb5 cxb5 18. a4 b4 19. Nb5 Rc8 20. Qb1 Nf6 21. Rc1 Bf8 22. Rxc8 Qxc8 23. Qd3 Qd8 24. Rc1 {Martirosyan,H (2622)-Kamsky,G (2674) Chess.com INT 2020 1-0 (68)}) ({RR} 9... Nbd7 10. d4 e6 11. Nc3 a5 12. g3 Qb8 13. Qe2 Rc8 14. Rac1 Ne8 15. Rc2 Nd6 16. Rfc1 b5 17. cxb5 cxb5 18. e4 b4 19. exd5 bxc3 20. dxe6 cxb2 21. Rxc8+ Nxc8 22. exf7+ Kxf7 23. Bd5+ Kf8 24. Re1 {Balaji,A (2346)-Kazakouski,V (2596) chess.com INT 2024 0-1 (35)}) ({RR} 9... Nbd7 10. d3 e6 11. Nd2 Qc7 12. Qc2 Rfd8 13. Rfd1 a5 14. a3 Qd6 15. Rac1 h5 16. Be2 b5 17. cxb5 cxb5 18. Qc6 Qb8 19. d4 b4 20. a4 Rc8 21. Qb5 Qa7 22. g3 Bf8 23. Kg2 Kg7 24. Bd3 {Terry,R (2520)-Vachier Lagrave,M (2736) chess.com INT 2023 1-0 (102)}) 10. d4 e6 11. Nc3 a5 $146 ({RR} 11... Na6 12. Qe2 Nc7 13. Rfd1 Nd7 14. e4 f5 15. e5 Nf8 16. Ba3 g5 17. Bxf8 Bxf8 18. c5 b5 19. cxb6 axb6 20. Bh5 Re7 21. Na4 Na6 22. Rdc1 b5 23. Rxc6 bxa4 24. Rxa6 axb3 25. axb3 Rxa6 26. Rxa6 {Link,H-Tempone,M Buenos Aires 1978 1-0 (36)}) 12. Qc2 Na6 13. Rfd1 Qe7 14. a3 Rab8 15. Rac1 b5 16. Ne2 Nd7 17. cxd5 cxd5 18. Nf4 b4 19. a4 Nb6 20. Qe2 Qa7 21. Nd3 Nd7 22. Rc6 Rec8 23. Rdc1 Rxc6 24. Rxc6 Qb7 25. Qc2 Rd8 26. Qc1 Ndb8 27. Rc2 Nd7 28. Be2 Bf8 29. Ne5 Ndb8 30. h4 Bd6 31. h5 Nc7 32. e4 Bxe5 33. dxe5 Ne8 34. Qg5 Rc8 35. Rxc8 Qxc8 36. exd5 exd5 37. Bb5 Nc6 38. h6 Qe6 39. Qc1 Na7 40. Qc5 Nc8 41. g3 g5 42. Qe3 f6 43. Qd4 Nc7 44. exf6 Nxb5 45. f7+ Kxf7 46. Qg7+ Ke8 47. Qh8+ Kd7 48. Qxh7+ Ne7 49. axb5 Qe2 50. Bf6 a4 51. Qxe7+ 1-0

[Event "CCT Final RR 2024"]
[Site "Oslo NOR"]
[Date "2024.12.18"]
[Round "5.2"]
[White "Lazavik, Denis"]
[Black "Nepomniachtchi, I."]
[Result "1-0"]
[WhiteElo "2578"]
[BlackElo "2755"]
[PlyCount "97"]
[EventDate "2024.12.17"]
[EventType "tourn (rapid)"]
[EventRounds "7"]
[EventCountry "NOR"]
[EventCategory "20"]
[SourceTitle "The Week in Chess 1572"]
[Source "Mark Crowther"]
[SourceDate "2024.12.23"]
[SourceVersion "2"]
[SourceVersionDate "2024.12.24"]
[SourceQuality "2"]

1. Nf3 {Stockfish 16.1} d5 2. b3 Nf6 3. Bb2 e6 4. e3 Be7 5. g4 O-O 6. g5 Ne4 7. h4 c5 8. Nc3 Nxc3 9. dxc3 Nc6 10. c4 Qa5+ ({RR} 10... b6 11. Qd2 dxc4 12. Qc3 f6 13. Bxc4 Na5 ({RR} 13... Rb8) 14. Rd1 Qe8 15. Rg1 Kh8 16. h5 Qxh5 17. gxf6 Rxf6 ({RR} 17... Bxf6 18. Qxf6 gxf6 19. Bxf6+ Rxf6 20. Rd8+ Qe8 21. Rxe8+ Rf8 22. Rxf8#) 18. Be2 Ba6 19. Rxg7 ({RR} 19. Bxa6 Qxf3 20. Qd2 Rf7) ({RR} 19. Qe5 Qxe5 20. Nxe5 ({RR} 20. Bxe5 Bxe2 21. Kxe2 Rg6) 20... Bxe2 21. Rd7 ({RR} 21. Kxe2 Rff8)) 19... Kxg7 20. Rd7 Qf7 ({RR} 20... Kf8 21. Rxe7 Qh1+ 22. Kd2 Rd8+ 23. Bd3 Rd4 24. exd4 Qxf3 25. Bxa6 Kxe7 26. dxc5 Qxf2+ 27. Be2 Rf5 28. Qg7+ Rf7 29. Qg5+ Kd7 30. cxb6 axb6) 21. Ng5 {1-0 (21) Firouzja,A (2829)-Lazavik,D (2790) Chess.com 2024 [Stockfish 16.1]}) ({RR} 10... d4) 11. Qd2 Qxd2+ $146 ({RR} 11... dxc4 12. Bxc4 Rd8 13. Qxa5 Nxa5 14. Bd3 b6 15. Ne5 Bb7 16. Rg1 Rac8 17. O-O-O Rd6 18. h5 Rcd8 19. g6 fxg6 20. hxg6 hxg6 21. Nxg6 Bf6 22. Rg3 Bxb2+ 23. Kxb2 c4 24. bxc4 Be4 25. Ne5 Rf8 26. f4 {Shimanov,A (2582)-Hamidov,A (2247) chess.com INT 2024 1-0}) 12. Nxd2 d4 13. exd4 cxd4 14. O-O-O e5 15. Bg2 f6 16. gxf6 Rxf6 17. Bd5+ Kh8 18. Rde1 Bd7 19. Ne4 Rf4 20. Kb1 Raf8 21. h5 h6 22. Bc1 R4f5 23. a3 Be8 24. b4 Rxh5 25. Rxh5 Bxh5 26. b5 Nd8 27. c5 Bf7 28. Bxf7 Nxf7 29. Bd2 Rc8 30. Bb4 Kg8 31. Kb2 a5 32. bxa6 bxa6 33. Kb3 Nd8 34. Kc4 Nc6 35. Kd5 Kf7 36. Bd2 Ke8 37. Rg1 Bf8 38. Nd6+ Bxd6 39. cxd6 g5 40. Rh1 Nd8 41. Rxh6 Rxc2 42. Rh8+ Kd7 43. Rh7+ Kc8 44. Bxg5 d3 45. Rh8 d2 46. Rxd8+ Kb7 47. Bxd2 Rxd2+ 48. Ke6 Rxf2 49. d7 1-0

[Event "CCT Final RR 2024"]
[Site "Oslo NOR"]
[Date "2024.12.18"]
[Round "6.1"]
[White "Firouzja, Alireza"]
[Black "Vachier Lagrave, M."]
[Result "1-0"]
[WhiteElo "2763"]
[BlackElo "2731"]
[PlyCount "43"]
[EventDate "2024.12.17"]
[EventType "tourn (rapid)"]
[EventRounds "7"]
[EventCountry "NOR"]
[EventCategory "20"]
[SourceTitle "The Week in Chess 1572"]
[Source "Mark Crowther"]
[SourceDate "2024.12.23"]
[SourceVersion "2"]
[SourceVersionDate "2024.12.24"]
[SourceQuality "2"]

1. Nf3 d5 2. c4 d4 3. b4 g5 4. h3 h6 5. d3 Bg7 6. g3 e5 7. Bg2 Ne7 8. Nbd2 ({RR} 8. g4 Be6 9. a4 Nd7 10. Ba3 Ng6 11. Nbd2 Nf4 12. Bf1 h5 13. Rg1 hxg4 14. hxg4 a5 15. b5 c5 16. bxc6 bxc6 17. Ne4 Bf8 18. Nfxg5 Bxa3 19. Rxa3 Qe7 20. Rb3 Nc5 21. Nxc5 Qxc5 22. Rb7 Qa3 {Shapiro,D (2702)-Szpar,M (2923) Chess.com 2024 0-1 (39)}) 8... O-O 9. Qb3 $146 ({RR} 9. O-O Ng6 10. a4 f5 11. c5 h5 12. Nc4 g4 13. hxg4 hxg4 14. Nfd2 Be6 15. Qb3 Nd7 16. Ba3 Rf7 17. b5 Bh6 18. Qc2 Rh7 19. Na5 Qg5 20. Rfd1 Qh5 21. Nxb7 Nf6 22. Nd6 Bxd2 23. Rxd2 Bd5 {Schoorl,R (2351)-Sahakyan,A (2288) chess.com INT 2024 0-1}) ({RR} 9. O-O f5 10. Nb3 Ng6 11. e3 dxe3 12. Bxe3 Nc6 13. b5 Nce7 14. Re1 f4 15. Bc5 g4 16. hxg4 Bxg4 17. Re4 Rf7 18. Bxe7 Qxe7 19. Nbd2 Qd7 20. Qb3 Rd8 21. d4 exd4 22. Rae1 d3 23. c5 Kh7 {Anton Guijarro,D (2668)-Ibarra Jerez,J (2559) chess.com INT 2025 1-0 (41)}) 9... Be6 10. Ne4 Nd7 11. g4 Ng6 12. h4 gxh4 13. g5 f5 14. gxh6 fxe4 15. Ng5 e3 16. Nxe6 Qf6 17. c5 Qxf2+ 18. Kd1 Bxh6 19. Nxf8+ Kxf8 20. Rf1 Qxf1+ 21. Bxf1 Ke7 22. Bh3 1-0

[Event "Russian Cup Final 2024"]
[Site "Khanty-Mansiysk RUS"]
[Date "2024.12.17"]
[Round "4.1"]
[White "Zvjaginsev, V."]
[Black "Tsydypov, Z."]
[Result "1-0"]
[WhiteElo "2536"]
[BlackElo "2507"]
[PlyCount "87"]
[EventDate "2024.12.11"]
[EventType "k.o."]
[EventRounds "4"]
[EventCountry "RUS"]
[SourceTitle "The Week in Chess 1572"]
[Source "Mark Crowther"]
[SourceDate "2024.12.23"]
[SourceVersion "2"]
[SourceVersionDate "2024.12.24"]
[SourceQuality "2"]

1. Nf3 d5 2. g3 Nd7 3. d4 Nb6 4. Bg2 Bf5 5. O-O e6 6. Bg5 Be7 7. Bxe7 Qxe7 ({RR} 7... Nxe7 8. Nbd2 O-O 9. c3 h6 10. Re1 a5 11. e4 Bh7 12. Ne5 c6 13. f3 Nd7 14. Nd3 Qc7 15. Rc1 Rad8 16. Qe2 dxe4 17. Nxe4 Rfe8 18. f4 b6 19. Ne5 c5 20. Qh5 Nxe5 21. dxe5 Bxe4 22. Bxe4 {Matthes,A (2217)-Ibadov,D (2337) chess.com INT 2024 1-0 (51)}) 8. Nbd2 Nf6 9. c4 dxc4 $146 ({RR} 9... c6 10. Qb3 Qc7 11. Ne5 O-O 12. Rac1 h6 13. Rfe1 Rad8 14. e3 Nbd7 15. Nxd7 Qxd7 16. Qa3 a6 17. Qb4 Qc7 18. b3 Rfe8 19. Qc5 Bg6 20. a4 Qb8 21. Qb4 e5 22. dxe5 Rxe5 23. Nf3 Ree8 24. Nd4 {Ozen,B (2369)-He,A (2337) Chess.com INT 2021 1-0 (65)}) 10. Ne5 c6 11. a4 a5 12. Rc1 O-O 13. Ndxc4 Nxc4 14. Rxc4 Rfd8 15. e3 Nd7 16. Nxd7 Rxd7 17. f4 h5 18. Qe2 c5 19. Rxc5 Bd3 20. Qxd3 Qxc5 21. Bxb7 Rb8 22. dxc5 Rxd3 23. c6 Rxb7 24. cxb7 Rb3 25. Rc1 Rxb7 26. Rc8+ Kh7 27. Rc5 f5 28. Rb5 Rc7 29. e4 fxe4 30. Rxh5+ Kg6 31. Rxa5 Rc1+ 32. Kg2 Rc2+ 33. Kh3 Rxb2 34. Re5 Kf6 35. Rxe4 Ra2 36. Rb4 g5 37. fxg5+ Kxg5 38. Rb5+ Kf6 39. a5 Ra4 40. g4 e5 41. Kg3 Ra3+ 42. Kh4 e4 43. g5+ Ke6 44. Kg4 1-0

[Event "2nd Bundesliga Nord 24-25"]
[Site "Germany GER"]
[Date "2024.11.30"]
[Round "2.3"]
[White "Onischuk, V."]
[Black "Parligras, M."]
[Result "1-0"]
[WhiteElo "2609"]
[BlackElo "2543"]
[PlyCount "55"]
[EventDate "2024.10.06"]
[EventType "team"]
[EventRounds "11"]
[EventCountry "GER"]
[SourceTitle "The Week in Chess 1572"]
[Source "Mark Crowther"]
[SourceDate "2024.12.23"]
[SourceVersion "2"]
[SourceVersionDate "2024.12.24"]
[SourceQuality "2"]

1. Nf3 d5 2. g3 Nf6 3. Bg2 c5 4. O-O e6 5. d4 cxd4 6. Nxd4 e5 7. Nb3 Be6 8. Bg5 Nbd7 9. Nc3 Be7 10. f4 ({RR} 10. Qd3 O-O 11. Rad1 d4 12. Bxf6 Nxf6 13. Ne4 Qc7 14. Nxf6+ Bxf6 15. c3 dxc3 16. Qxc3 Qxc3 17. bxc3 Rac8 18. Bxb7 Rxc3 19. Bd5 Bh3 20. Bg2 Be6 21. Bd5 Bg4 22. Rc1 Rfc8 23. Rxc3 Rxc3 24. Rc1 Rxc1+ {So,W (2760)-Nakamura,H (2741) Kolkata 2019 0-1 (61)}) ({RR} 10. e3 O-O 11. a4 h6 12. Bxf6 Nxf6 13. a5 Rc8 14. a6 b6 15. Nb5 Qd7 16. Qe2 d4 17. Na3 d3 18. Qd2 dxc2 19. Qxd7 Nxd7 20. Nd2 Bxa3 21. bxa3 Nc5 22. Be4 Nxe4 23. Nxe4 Rfd8 24. Rfc1 f5 {Abrashkin,B (2407)-Van Baar,E (2237) chess.com INT 2024 0-1}) 10... exf4 11. Bxf4 O-O 12. Kh1 Nb6 $146 ({RR} 12... Rc8 13. Nxd5 Nxd5 14. Bxd5 Bxd5+ 15. Qxd5 Rxc2 16. Rad1 Nf6 17. Qxb7 Qa8 18. Qxa8 Rxa8 19. Rd2 Rac8 20. Nd4 Rxd2 21. Bxd2 Ne4 22. Rc1 Rd8 23. Be3 Bc5 24. Rc4 h6 25. Kg2 Bb6 26. Kf3 Nd6 27. Rc6 {Samunenkov,I (2226)-Rytenko,V (2403) Kiev 2021 ½-½ (74)}) 13. Nd4 Qd7 14. Nxe6 Qxe6 15. a4 Rac8 16. a5 Nc4 17. Nxd5 Rfd8 18. e4 Nxe4 19. Nxe7+ Qxe7 20. Qe1 f5 21. g4 Nxb2 22. gxf5 Re8 23. Qe3 Rc3 24. Qd4 Rxc2 25. Rac1 Re2 26. Rc7 Qf8 27. Bf3 Rd8 28. Rxg7+ 1-0

[Event "LCC Superblitz GpA"]
[Site "London ENG"]
[Date "2024.12.07"]
[Round "6.1"]
[White "Firouzja, Alireza"]
[Black "Ju, Wenjun"]
[Result "1-0"]
[WhiteElo "2763"]
[BlackElo "2563"]
[PlyCount "95"]
[EventDate "2024.12.07"]
[EventType "tourn (blitz)"]
[EventRounds "7"]
[EventCountry "ENG"]
[EventCategory "10"]
[SourceTitle "The Week in Chess 1572"]
[Source "Mark Crowther"]
[SourceDate "2024.12.23"]
[SourceVersion "2"]
[SourceVersionDate "2024.12.24"]
[SourceQuality "2"]

1. Nf3 d5 2. b3 Nf6 3. Bb2 c5 4. e3 e6 5. Be2 Be7 6. O-O O-O 7. d4 Nc6 ({RR} 7... Nbd7 8. c4 cxd4 9. Nxd4 dxc4 10. Bxc4 Nb6 11. Be2 Bd7 12. Nc3 Rc8 13. Rc1 Nbd5 14. Nxd5 Nxd5 15. Rxc8 {½-½ (15) Damjanovic,M (2425)-Marovic,D (2485) Beersheba 1976}) 8. dxc5 ({RR} 8. Ne5 a6 9. Nd2 Qb6 10. Nxc6 bxc6 11. dxc5 Qxc5 12. c4 Qb6 13. Rc1 a5 14. Qc2 Ba6 15. Rfd1 Rfd8 16. Bf3 Rac8 17. e4 d4 18. c5 Qc7 19. Nc4 e5 20. Qd2 Bxc4 21. Rxc4 Rb8 22. Ba3 h6 {Rakhmangulova,A (2332)-Kejzar,P (2077) Rijeka CRO 2025 ½-½ (75)}) 8... Bxc5 9. a3 $146 ({RR} 9. Nbd2 Qe7 10. a3 a5 11. c4 Rd8 12. Qc2 d4 13. exd4 Nxd4 14. Nxd4 Bxd4 15. Bxd4 Rxd4 {½-½ (15) Kekki,J (2171)-Maki Uuro,M (2334) Helsinki 2001}) 9... b6 10. b4 Be7 11. Nbd2 Bb7 12. c4 dxc4 13. Nxc4 b5 14. Nce5 Nxe5 15. Nxe5 a5 16. Bf3 Qxd1 17. Rfxd1 Nd5 18. Nd3 Rfc8 19. Bd4 axb4 20. axb4 Rxa1 21. Rxa1 Bc6 22. Ra7 Bf8 23. Ne5 Be8 24. h4 f6 25. Nd3 Nxb4 26. Nxb4 Bxb4 27. Bg4 Bf7 28. Rb7 Bf8 29. Rxb5 Rd8 30. f4 f5 31. Bf3 Be7 32. h5 Bf6 33. Bxf6 gxf6 34. h6 Re8 35. Rb7 e5 36. Bc6 Rd8 37. Bd7 Bd5 38. Rc7 exf4 39. exf4 Ra8 40. Bxf5 Ra2 41. Rg7+ Kf8 42. Bxh7 Ra4 43. Rg4 Be6 44. Rh4 f5 45. Bg6 Kg8 46. Kh2 Ra6 47. Rh5 Bd7 48. Bxf5 1-0

[Event "LCC Superblitz GpC"]
[Site "London ENG"]
[Date "2024.12.07"]
[Round "1.2"]
[White "Jones, G."]
[Black "Zhang Pengxiang"]
[Result "1-0"]
[WhiteElo "2639"]
[BlackElo "2567"]
[PlyCount "95"]
[EventDate "2024.12.07"]
[EventType "tourn (blitz)"]
[EventRounds "7"]
[EventCountry "ENG"]
[EventCategory "10"]
[SourceTitle "The Week in Chess 1572"]
[Source "Mark Crowther"]
[SourceDate "2024.12.23"]
[SourceVersion "2"]
[SourceVersionDate "2024.12.24"]
[SourceQuality "2"]

1. Nf3 d5 2. g3 c5 3. Bg2 Nc6 4. d4 Nf6 5. O-O e6 6. c4 dxc4 7. dxc5 Qxd1 8. Rxd1 Bxc5 9. Nbd2 c3 10. bxc3 O-O 11. Nb3 Bb6 12. Ba3 Re8 13. Nfd4 ({RR} 13. Nfd2 e5 14. Nc4 e4 15. Nd6 Re5 16. c4 a5 17. Bb2 Re7 18. Bxf6 gxf6 19. Nxe4 Kg7 20. e3 Bg4 21. Rdc1 a4 22. Nbd2 Ba5 23. h3 Be6 24. Nf3 Bxh3 25. Bxh3 Rxe4 26. Rab1 Re7 27. Rb5 Rd8 {Gelfand,B (2701)-Christiansen,J (2541) Douglas 2018 1-0 (46)}) 13... Bd7 14. Nc5 $146 ({RR} 14. Nxc6 Bxc6 15. Bxc6 bxc6 16. c4 Rad8 17. Nc5 a6 18. Rab1 Bxc5 19. Bxc5 Rxd1+ 20. Rxd1 Rb8 21. Bb6 Kf8 22. Rd8+ Rxd8 23. Bxd8 Ne4 24. Bc7 Nc3 25. a4 Nxa4 26. Kf1 Ke7 27. Ke1 Nb2 28. c5 Na4 {Souza Neves,A (2129)-Gutkin,I (2306) chess.com INT 2024 0-1 (45)}) 14... Bxc5 15. Bxc5 Rec8 16. Rab1 b6 17. Ba3 Nxd4 18. cxd4 Bc6 19. f3 Bb7 20. Rbc1 h5 21. e4 Ba6 22. Kf2 Rc4 23. Rxc4 Bxc4 24. Rd2 b5 25. Be7 Nd7 26. f4 Re8 27. Bb4 a5 28. Bxa5 Ra8 29. Bb4 Bxa2 30. d5 exd5 31. exd5 Bc4 32. d6 Ra4 33. Rb2 f6 34. Bc6 Ra7 35. Ke3 Kf7 36. Kd4 Ke6 37. Rb1 Nb8 38. Bf3 Kd7 39. Re1 Nc6+ 40. Kc5 Ra6 41. Bxh5 Nxb4 42. Bg4+ Kd8 43. d7 Nc6 44. Re8+ Kc7 45. Rc8+ Kb7 46. Bf3 Be6 47. d8=Q Bxc8 48. Qe7+ 1-0

[Event "LCC Superblitz Final"]
[Site "London ENG"]
[Date "2024.12.07"]
[Round "2.2"]
[White "Firouzja, Alireza"]
[Black "Stefansson, Vignir Vatnar"]
[Result "1-0"]
[WhiteElo "2763"]
[BlackElo "2537"]
[PlyCount "59"]
[EventDate "2024.12.07"]
[EventType "tourn (blitz)"]
[EventRounds "7"]
[EventCountry "ENG"]
[EventCategory "17"]
[SourceTitle "The Week in Chess 1572"]
[Source "Mark Crowther"]
[SourceDate "2024.12.23"]
[SourceVersion "2"]
[SourceVersionDate "2024.12.24"]
[SourceQuality "2"]

1. Nf3 d5 2. b3 Nf6 3. Bb2 e6 4. e3 c5 5. Be2 Nc6 6. O-O Bd6 7. d4 O-O 8. dxc5 Bxc5 9. a3 $146 ({RR} 9. Nbd2 Qe7 10. c4 Rd8 11. Qc1 Bd6 12. Rd1 Bd7 13. a3 Rac8 14. Qb1 a5 15. e4 dxe4 16. Bxf6 gxf6 17. Nxe4 Bb8 18. Nc3 Ne5 19. Nd4 f5 20. Qc1 Kh8 21. g3 Qf6 22. Ra2 a4 23. Nxa4 Bxa4 {Ozols,K-Zemgalis,E Augsburg 1946 0-1 (40)}) ({RR} 9. Nbd2 Qe7 10. c4 Rd8 11. Qc2 b6 12. a3 a5 13. cxd5 exd5 14. Bb5 Na7 15. Bd3 h6 16. e4 Be6 17. exd5 Nxd5 18. Ne4 Rac8 19. Qd2 Nc6 20. Nxc5 bxc5 21. Rfe1 Nf4 22. Qc3 Nd4 23. Bf1 Qb7 {Korley,K (2468)-Cornette,M (2563) Reykjavik ISL 2023 ½-½ (54)}) ({RR} 9. c4 Be7 10. Nc3 a6 11. cxd5 exd5 12. Rc1 Be6 13. Nd4 Nxd4 14. Qxd4 b5 15. Rfd1 Rc8 16. Bf3 Bc5 17. Qh4 Be7 18. Qf4 Qa5 19. g4 h6 20. h4 Ba3 21. Bxa3 Qxa3 22. g5 hxg5 23. hxg5 Ne4 {Hajiyev,K (2160)-Koridze,L (2115) chess.com INT 2025 1-0}) 9... a5 10. Nbd2 b6 11. c3 Bb7 12. b4 Bd6 13. b5 Ne5 14. c4 Nxc4 15. Bxc4 dxc4 16. Nxc4 Ne4 17. Qd4 e5 18. Qxb6 Qxb6 19. Nxb6 Rad8 20. Nxe5 Bxe5 21. Bxe5 Rfe8 22. Rfd1 Rd2 23. Rxd2 Nxd2 24. Bc3 Nb3 25. Rb1 Rd8 26. h3 Nd2 27. Bxd2 Rxd2 28. Nc4 Ra2 29. Nxa5 Be4 30. Rb4 1-0

[Event "LCC Superblitz Final"]
[Site "London ENG"]
[Date "2024.12.07"]
[Round "5.3"]
[White "Jones, G."]
[Black "Smirin, I."]
[Result "1-0"]
[WhiteElo "2639"]
[BlackElo "2574"]
[PlyCount "66"]
[EventDate "2024.12.07"]
[EventType "tourn (blitz)"]
[EventRounds "7"]
[EventCountry "ENG"]
[EventCategory "17"]
[SourceTitle "The Week in Chess 1572"]
[Source "Mark Crowther"]
[SourceDate "2024.12.23"]
[SourceVersion "2"]
[SourceVersionDate "2024.12.24"]
[SourceQuality "2"]

1. Nf3 Nf6 2. g3 g6 3. b3 d6 4. d4 Bg7 5. Bb2 O-O 6. Bg2 c5 7. O-O cxd4 8. Nxd4 d5 9. c4 e5 10. Nf3 e4 11. Nd4 dxc4 12. bxc4 e3 13. fxe3 Ng4 14. Qb3 Qe7 15. Rf3 Nc6 $146 ({RR} 15... Nd7 16. h3 Nc5 17. Qa3 Ne5 18. Nd2 Nxf3+ 19. exf3 b6 20. Re1 Bb7 21. N2b3 Rfd8 22. Re2 a6 23. Nxc5 bxc5 24. Nb3 Rd1+ 25. Kf2 Bxb2 26. Qxb2 Re8 27. Nd2 Bc6 28. Qc2 Ra1 29. Nb3 Ba4 30. Qb2 {Idrisov,I (2282)-Golubev,M (2461) Chess.com INT 2020 0-1 (50)}) 16. Nxc6 bxc6 17. Bxg7 Kxg7 18. Qc3+ Kg8 19. Nd2 Re8 20. Raf1 f6 21. Rf4 Qxe3+ 22. Qxe3 Nxe3 23. Bxc6 Nxf1 24. Kxf1 Bh3+ 25. Kf2 Kg7 26. Bxa8 Rxa8 27. g4 h5 28. gxh5 gxh5 29. Ne4 Rf8 30. c5 Be6 31. Nd6 Bxa2 32. c6 Be6 33. Re4 Bh3 1-0

[Event "LCC Superblitz Final"]
[Site "London ENG"]
[Date "2024.12.07"]
[Round "5.4"]
[White "Firouzja, Alireza"]
[Black "Vidit, S."]
[Result "1-0"]
[WhiteElo "2763"]
[BlackElo "2727"]
[PlyCount "83"]
[EventDate "2024.12.07"]
[EventType "tourn (blitz)"]
[EventRounds "7"]
[EventCountry "ENG"]
[EventCategory "17"]
[SourceTitle "The Week in Chess 1572"]
[Source "Mark Crowther"]
[SourceDate "2024.12.23"]
[SourceVersion "2"]
[SourceVersionDate "2024.12.24"]
[SourceQuality "2"]

1. Nf3 d5 2. b3 c5 3. e3 Nf6 4. Bb2 g6 5. Be2 Bg7 6. O-O O-O 7. d4 Ne4 8. Nbd2 Nc6 9. c3 cxd4 10. cxd4 Bf5 11. Rc1 Rc8 12. a3 Qb6 13. b4 Rfd8 $146 ({RR} 13... Nxd2 14. Qxd2 a6 15. Rc5 e6 16. Rfc1 Rfd8 17. h3 h5 18. Ne5 Bf8 19. Nxc6 Rxc6 20. Rxc6 bxc6 21. g4 hxg4 22. hxg4 Be4 23. f3 Bxf3 24. Bxf3 Bd6 25. Kg2 Kg7 26. e4 Rh8 27. e5 Be7 28. Rh1 {Firouzja,A (2744)-Rasulov,V (2539) chess.com INT 2024 1-0 (44)}) 14. Nxe4 Bxe4 15. Nd2 Bf5 16. Nb3 a6 17. Qd2 Na7 18. Rc5 Nb5 19. Rfc1 Nd6 20. Qe1 Ne4 21. Rxc8 Rxc8 22. Nc5 Nd6 23. g4 Be6 24. Nxe6 Rxc1 25. Qxc1 fxe6 26. Bd3 Qd8 27. Kg2 Qd7 28. Qc2 e5 29. h3 exd4 30. Bxd4 Bxd4 31. exd4 b5 32. Qe2 Nc4 33. h4 Nxa3 34. h5 gxh5 35. Bf5 Qd6 36. g5 Nc4 37. Qxh5 Qf4 38. Bxh7+ Kf8 39. Bg6 e6 40. Qh8+ Ke7 41. Qe8+ Kd6 42. Qb8+ 1-0

[Event "Titled Tue 17th Dec Early"]
[Site "chess.com INT"]
[Date "2024.12.17"]
[Round "9"]
[White "Kazakouski, Valery"]
[Black "Erigaisi, Arjun"]
[Result "1-0"]
[WhiteElo "2567"]
[BlackElo "2801"]
[PlyCount "67"]
[EventDate "2024.12.17"]
[EventType "swiss (blitz)"]
[EventRounds "11"]
[SourceTitle "The Week in Chess 1572"]
[Source "Mark Crowther"]
[SourceDate "2024.12.23"]
[SourceVersion "2"]
[SourceVersionDate "2024.12.24"]
[SourceQuality "2"]

1. Nf3 d6 2. d4 g6 3. g3 Bg7 4. c4 Nc6 5. Nc3 ({RR} 5. Bg2 Bd7 6. Nc3 Qc8 7. h3 h5 8. b3 Nh6 9. Bb2 Nf5 10. d5 Ne5 11. Nxe5 Bxe5 12. Qd2 c5 13. dxc6 Bxc6 14. Nd5 e6 15. Bxe5 dxe5 16. Nf6+ Ke7 17. Ne4 Kf8 18. O-O Kg7 19. Qb2 Qc7 {So,W (2772)-Nihal,S (2650) Chess.com INT 2021 ½-½ (48)}) ({RR} 5. Bg2 Bd7 6. O-O Qc8 7. Nc3 Bh3 8. e4 h5 9. Bg5 h4 10. Nxh4 Bxg2 11. Kxg2 Nxd4 12. Be3 Nc6 13. Re1 Nf6 14. Nd5 e6 15. Nxf6+ Bxf6 16. Nf3 Bxb2 17. Rb1 Bf6 18. h4 b6 19. Nd4 Bxd4 {Bozorov,M (2145)-Nogerbek,K (2472) chess.com INT 2023 0-1 (37)}) ({RR} 5. Bg2 Bd7 6. Nc3 Qc8 7. O-O Bh3 8. e4 h5 9. Be3 h4 10. Nxh4 Bxg2 11. Kxg2 Bf6 12. Nf3 Qh3+ 13. Kh1 g5 14. Rg1 g4 15. Nh4 Bxh4 16. gxh4 Rxh4 17. Rg2 Nf6 18. Bg5 O-O-O 19. Bxh4 Qxh4 {Kamsky,G (2663)-Erigaisi,A (2701) chess.com INT 2023 0-1}) 5... h5 $146 ({RR} 5... Bd7 6. Bg2 Qc8 7. d5 Ne5 8. Nxe5 Bxe5 9. h4 c6 10. Be3 Nf6 11. Rc1 c5 12. Qd2 Ng4 13. Bf4 a6 14. a4 Qc7 15. Bxe5 Nxe5 16. b3 Qa5 17. O-O b5 18. axb5 axb5 19. cxb5 Bxb5 20. Ra1 {Arkell,K (2381)-Xiong,J (2709) Chess.com INT 2021 1-0 (56)}) 6. Bg5 Bg4 7. d5 Ne5 8. Nd4 c5 9. Nf3 Qb6 10. Nxe5 Bxe5 11. Qd2 h4 12. Bg2 h3 13. Bf1 Nf6 14. f3 Bd7 15. Bf4 Bxf4 16. gxf4 O-O-O 17. e4 Rh4 18. Bd3 e6 19. O-O-O Qa5 20. f5 Rdh8 21. dxe6 fxe6 22. fxg6 Qd8 23. f4 Bc6 24. Rhg1 Rg8 25. f5 exf5 26. exf5 Bg2 27. Rge1 Ng4 28. Bf1 Bf3 29. Nd5 Bxd1 30. Ne7+ Kb8 31. Nxg8 Bf3 32. f6 Nxf6 33. Qg5 Qa5 34. Qxh4 1-0